[Event "new age"]
[Site "SchemingMind.com"]
[Date "2012.12.31"]
[Round "-"]
[White "Transcendent"]
[Black "fouche"]
[Result "1-0"]
[WhiteCountry "ENG"]
[BlackCountry "COL"]
[WhiteElo "1677"]
[WhiteRD "70"]
[BlackElo "1603"]
[BlackRD "65"]
[GameID "324119"]

1. d4 Nf6 2. c4 c5 3. d5 e5 4. Nc3 d6 5. e4 Na6 6. a3 Nc7 7. Bd3 Bd7 8. Nge2 Be7 9. O-O O-O 10. f3 a6
11. b4 b6 12. Rb1 Rb8 13. Be3 cxb4 14. axb4 a5 15. bxa5 bxa5 16. f4 Rxb1 17. Qxb1 Qb8 18. fxe5 dxe5 19. c5 Na6 20. c6 Bg4
21. Bxa6 Qb4 22. h3 Bh5 23. Bd3 Bd6 24. Qxb4 axb4 25. Nb5 Ne8 26. Ng3 Bg6 27. Nxd6 Nxd6 28. Bc5
1-0

[Event "new age"]
[Site "SchemingMind.com"]
[Date "2012.12.31"]
[Round "-"]
[White "Transcendent"]
[Black "mmccaffe"]
[Result "0-1"]
[WhiteCountry "ENG"]
[BlackCountry "USA"]
[WhiteElo "1669"]
[WhiteRD "73"]
[BlackElo "1626"]
[BlackRD "65"]
[GameID "324120"]

1. d4 Nf6 2. c4 e6 3. g3 Bb4+ 4. Bd2 Bxd2+ 5. Qxd2 O-O 6. Bg2 d5 7. Nf3 c6 8. O-O Nbd7 9. b3 b6 10. Nc3 Bb7
11. Rfe1 Qc7 12. Rac1 Rfd8 13. cxd5 exd5 14. e3 Qd6 15. Ne2 Rac8 16. Nf4 Ne4 17. Qd3 Ndf6 18. Ne5 Qe7 19. f3 Nd6 20. a4 Nd7
21. Nxd7 Qxd7 22. Rc2 c5 23. Rec1 cxd4 24. Qxd4 Rxc2 25. Rxc2 b5 26. Nxd5 Nf5 27. Qd2 Qxd5 28. Qxd5 Bxd5 29. e4 Ne3 30. Rd2 Nxg2
31. Kxg2 bxa4
0-1

[Event "new age"]
[Site "SchemingMind.com"]
[Date "2013.01.05"]
[Round "-"]
[White "Transcendent"]
[Black "emvarela"]
[Result "0-1"]
[WhiteCountry "ENG"]
[BlackCountry "ARG"]
[WhiteElo "1677"]
[WhiteRD "70"]
[BlackElo "1743"]
[BlackRD "47"]
[GameID "324121"]

1. d4 Nf6 2. c4 e6 3. g3 c5 4. d5 exd5 5. cxd5 d6 6. Nc3 g6 7. Bg2 Bg7 8. Nf3 O-O 9. O-O Re8 10. Re1 Na6
11. e4 Nc7 12. a4 Bg4 13. Qc2 Bxf3 14. Bxf3 a6 15. Be3 Nd7 16. Bg2 b5 17. axb5 axb5 18. Qb3 b4 19. Ne2 Qf6 20. Rxa8 Rxa8
0-1

[Event "new age"]
[Site "SchemingMind.com"]
[Date "2012.12.31"]
[Round "-"]
[White "Transcendent"]
[Black "Phillip Beckett"]
[Result "1-0"]
[WhiteCountry "ENG"]
[BlackCountry "ENG"]
[WhiteElo "1677"]
[WhiteRD "70"]
[BlackElo "1591"]
[BlackRD "47"]
[GameID "324122"]

1. d4 d5 2. c4 e6 3. Nf3 Nf6 4. g3 Be7 5. Bg2 c6 6. Qc2 O-O 7. O-O Nbd7 8. Nbd2 Re8 9. b3 Bf8 10. Bb2 dxc4
11. bxc4 Bd6 12. e4 c5 13. e5 cxd4 14. exd6 Nc5 15. Bxd4 Qxd6 16. Bxf6 gxf6 17. Ne4 Nxe4 18. Qxe4
1-0

[Event "new age"]
[Site "SchemingMind.com"]
[Date "2012.12.31"]
[Round "-"]
[White "Transcendent"]
[Black "kenneth m day"]
[Result "1-0"]
[WhiteCountry "ENG"]
[BlackCountry "USA"]
[WhiteElo "1677"]
[WhiteRD "70"]
[BlackElo "1794"]
[BlackRD "51"]
[GameID "324123"]

1. d4 Nf6 2. c4 e6 3. g3 d5 4. Nf3 Be7 5. Bg2 O-O 6. O-O Nbd7 7. Qc2 c6 8. b3 b6 9. Nc3 dxc4 10. bxc4 Bb7
11. e4 Rc8 12. Rd1 c5 13. d5 exd5 14. exd5 Bd6 15. Bg5 Re8 16. Re1 Ba6 17. Nd2 h6 18. Bxf6 Qxf6 19. Nce4 Qg6 20. Qa4 Nb8
21. Nxd6 Qxd6 22. Rxe8+
1-0

[Event "new age"]
[Site "SchemingMind.com"]
[Date "2013.01.05"]
[Round "-"]
[White "Transcendent"]
[Black "SAMAEL"]
[Result "0-1"]
[WhiteCountry "ENG"]
[BlackCountry "CAN"]
[WhiteElo "1677"]
[WhiteRD "70"]
[BlackElo "1719"]
[BlackRD "55"]
[GameID "324124"]

1. d4 d5 2. c4 e6 3. Nf3 Nc6 4. Nc3 h6 5. g3 Nf6 6. Bg2 Be7 7. O-O O-O 8. b3 Nh7 9. Bb2 dxc4 10. bxc4 Ng5
11. Nxg5 Bxg5 12. e3 Bd7 13. f4 Bf6 14. Ne4 a6 15. Nc5 b6 16. Nxd7 Qxd7
0-1

[Event "new age"]
[Site "SchemingMind.com"]
[Date "2012.12.31"]
[Round "-"]
[White "fouche"]
[Black "Transcendent"]
[Result "1-0"]
[WhiteCountry "COL"]
[BlackCountry "ENG"]
[WhiteElo "1603"]
[WhiteRD "65"]
[BlackElo "1677"]
[BlackRD "70"]
[GameID "324125"]

1. e4 c6 2. d4 d5 3. exd5 cxd5 4. c4 Nf6 5. Nc3 e6 6. Nf3 Bb4 7. Bd3 dxc4 8. Bxc4 O-O 9. O-O b6 10. Bg5 Nbd7
11. a3 Be7 12. Re1 Bb7 13. Re2 Bxf3 14. gxf3 Qc7 15. Ba2 Bd6 16. h3 Bf4 17. Bh4 Qb7 18. Bxf6 Nxf6 19. Qd3 Bc7 20. Rd1 Rad8
21. Red2 Bb8 22. Qe3 Qc7 23. f4 Nh5 24. Ne2 Nxf4 25. Nxf4 Qxf4 26. Qxf4 Bxf4 27. Rd3 Rd5 28. Bxd5
1-0

[Event "new age"]
[Site "SchemingMind.com"]
[Date "2012.12.31"]
[Round "-"]
[White "mmccaffe"]
[Black "Transcendent"]
[Result "0-1"]
[WhiteCountry "USA"]
[BlackCountry "ENG"]
[WhiteElo "1643"]
[WhiteRD "62"]
[BlackElo "1677"]
[BlackRD "70"]
[GameID "324126"]

1. d4 d5 2. c4 c6 3. Nc3 Nf6 4. Nf3 dxc4 5. a4 Bf5 6. Bf4 e6 7. e3 Bb4 8. Bxc4 O-O 9. O-O Nbd7 10. Nh4 Bg6
11. Nxg6 hxg6 12. Qe2 Qa5 13. Qc2 Rac8 14. f3 Nd5 15. Nxd5 cxd5
0-1

[Event "new age"]
[Site "SchemingMind.com"]
[Date "2013.01.05"]
[Round "-"]
[White "emvarela"]
[Black "Transcendent"]
[Result "1-0"]
[WhiteCountry "ARG"]
[BlackCountry "ENG"]
[WhiteElo "1743"]
[WhiteRD "47"]
[BlackElo "1677"]
[BlackRD "70"]
[GameID "324127"]

1. e4 c6 2. d4 d5 3. Nc3 dxe4 4. Nxe4 Bf5 5. Ng3 Bg6 6. h4 h6 7. Nf3 Nd7 8. h5 Bh7 9. Bd3 Bxd3 10. Qxd3 Ngf6
11. Bf4 Qa5+ 12. Bd2 Qc7 13. O-O-O
1-0

[Event "new age"]
[Site "SchemingMind.com"]
[Date "2012.12.31"]
[Round "-"]
[White "Phillip Beckett"]
[Black "Transcendent"]
[Result "1/2-1/2"]
[WhiteCountry "ENG"]
[BlackCountry "ENG"]
[WhiteElo "1591"]
[WhiteRD "47"]
[BlackElo "1677"]
[BlackRD "70"]
[GameID "324128"]

1. e4 c6 2. d4 d5 3. Nc3 dxe4 4. Nxe4 Bf5 5. Ng3 Bg6 6. Nf3 Nd7 7. c3 Ngf6 8. Bd3 Bxd3 9. Qxd3 e6 10. O-O Bd6
11. Bg5 O-O 12. Rad1 Qc7 13. Rfe1 Bxg3 14. hxg3 h6 15. Bc1 Qa5 16. Qb1 Qc7 17. Ne5 Rad8 18. Nxd7 Rxd7 19. Bf4 Qb6 20. Be5 Nd5
21. g4 Qd8 22. Bh2 Qg5 23. f3 Rfd8 24. Re5 Qe7 25. Rde1 c5 26. dxc5 Qxc5+ 27. Kf1 Qc4+ 28. Kg1=
1/2-1/2

[Event "new age"]
[Site "SchemingMind.com"]
[Date "2012.12.31"]
[Round "-"]
[White "kenneth m day"]
[Black "Transcendent"]
[Result "1-0"]
[WhiteCountry "USA"]
[BlackCountry "ENG"]
[WhiteElo "1794"]
[WhiteRD "51"]
[BlackElo "1677"]
[BlackRD "70"]
[GameID "324129"]

1. e4 c6 2. c4 d5 3. cxd5 cxd5 4. exd5 Qxd5 5. Nc3 Qe5+ 6. Be2 Nf6 7. d4 Qc7 8. Bg5 a6 9. Rc1 Qd6 10. Nf3 Nbd7
11. O-O e6 12. Re1 Be7 13. d5 Nxd5 14. Nxd5 exd5 15. Bxe7 Kxe7 16. Bxa6+ Kf8 17. Bc4 Nf6 18. Bb3 Be6 19. Ne5 Nd7 20. Nc4 Qa6
21. Ne3 Nf6 22. Rc7 Rc8 23. Rxc8+
1-0

[Event "new age"]
[Site "SchemingMind.com"]
[Date "2013.01.05"]
[Round "-"]
[White "SAMAEL"]
[Black "Transcendent"]
[Result "1-0"]
[WhiteCountry "CAN"]
[BlackCountry "ENG"]
[WhiteElo "1719"]
[WhiteRD "55"]
[BlackElo "1677"]
[BlackRD "70"]
[GameID "324130"]

1. d4 d5 2. h3 Nf6 3. Nf3 Bf5 4. Nc3 e6 5. Bf4 c5 6. e3 Nc6 7. a3 Be7 8. Be2 O-O 9. O-O a6 10. Rc1 Rc8
11. Re1 cxd4 12. Nxd4 Nxd4 13. exd4 Bxa3 14. bxa3 Rxc3 15. Bd2 Rc8 16. c4 dxc4 17. Bb4 Re8 18. Bxc4 Nd5 19. Bxd5
1-0